| 000 | 00903nam a22002294a 4500 | ||
|---|---|---|---|
| 001 | 198408 | ||
| 005 | 20260529184657.0 | ||
| 008 | 260529b2026 sp ||||| |||| 00| 0 spa d | ||
| 020 | _a979-8195245283 | ||
| 040 |
_bspa _cES-MaACL |
||
| 100 |
_aSoriano i Piqueras, Víctor M. _9243177 |
||
| 245 |
_aLa única explicación: _bMemoria personal del juicio a un fiscal general |
||
| 300 |
_a118 páginas _c20 cm |
||
| 336 |
_2rdacontent _atexto |
||
| 337 |
_2rdamedia _asin mediación |
||
| 338 |
_2rdacarrier _avolumen |
||
| 500 | _aRegistro Provisional. DJ-8. Depósito J | ||
| 852 |
_aES-MaACL _cDEPOJ _jDJ-8 _gDedicatoria autógrafa del autor _hDonación: Víctor M. Soriano i Piqueras _xEncuadernación cartoné _zEn proceso |
||
| 942 |
_2udc _cMONOGRAFIA _n0 |
||
| 999 |
_c198408 _d198408 |
||